| 000 | 00987cab a2200301 4500 | ||
|---|---|---|---|
| 001 | ABS58984 | ||
| 008 | 090401t1998 xxu||||| |||| 00| 0 eng d | ||
| 035 | _a(Sirsi) u87650 | ||
| 041 | _aeng | ||
| 100 | _aSheils, J. | ||
| 245 | _aWhat damages for defective building can you expect? | ||
| 260 | _c1998 | ||
| 350 | _a0 | ||
| 490 |
_aCSM _bChartered Surveyor Monthly _vJuly/August 1998, 52-53(2) |
||
| 520 | _aConsiders the subject of damages for breach of contract. Discusses case law which illustrates that there are no hard and fast rules where damages are concerned. | ||
| 650 | _aBREACH OF CONTRACT | ||
| 650 | _aDAMAGES | ||
| 650 | _aEXPERTS | ||
| 650 | _aGOVERNORS OF THE HOSPITAL FOR SICK CHILDREN V MCLAUGHLIN AND HARVEY | ||
| 650 | _aHARBUTTS PLASTICINE V WAYNE TANK | ||
| 650 | _aMITIGATION OF LOSS | ||
| 650 | _aREMEDIAL WORK | ||
| 650 | _aRUXLEY V FORSYTH | ||
| 650 | _aSURVEYORS | ||
| 690 | _aBUILT ENVIRONMENT | ||
| 942 | _n0 | ||
| 948 | _c24/07/1998 | ||
| 999 |
_c55300 _d55300 |
||